LDR 01032naa#a2200193#i#450# 001 RU\\bibl\115950 005 20260429111746.3 011 ## _a1994-4683 100 ## _a20260429b2026####ek#y0rusy0150####ca 102 ## _aRU 200 1# _aПрименение двигательно-координационного модуля в технической подготовке юных футболистов и его эффективность _eЖурнальная статья 210 1# _aМосква _cНациональный государственный Университет физической культуры, спорта и здоровья им. П.Ф. Лесгафта _d2026 215 ## _a7 с. 608 ## _aЖурнальная статья _2local 675 ## _aФутбол. 796.332 _z 700 #1 _aТимофеева _gСветлана Николаевна 700 #1 _aМальцев _gВладислав Анатольевич 700 #1 _aТимофеев _gВладлен Дмитриевич 856 4# _auchzapiski.lesgaft.spb.ru _u